[Event "Stay Safe Play From Home 279"]
[Site "Emanuel Lasker Arena"]
[Date "2020.07.05"]
[Round "3"]
[White "Möwe"]
[Black "Robk"]
[Result "1-0"]
[WhiteElo "1596"]
[BlackElo "1594"]
[Annotator "NA"]
[PlyCount "119"]
[EventDate "2020.07.05"]
[EventType "swiss (blitz)"]

1. e4 {[%emt 0:00:02]} c5 {[%emt 0:00:02]} 2. Nf3 {[%emt 0:00:02]} e6 {[%emt 0:00:00]} 3. Bc4 {[%emt 0:00:07]} Nc6 {[%emt 0:00:02]} 4. c3 {[%emt 0:00:01]} d5 {[%emt 0:00:01]} 5. exd5 {[%emt 0:00:01]} exd5 {[%emt 0:00:00]} 6. Qe2+ {[%emt 0:00:01]} Be6 {[%emt 0:00:06]} 7. Bb5 {[%emt 0:00:02]} Qd7 {[%emt 0:00:17]} 8. d4 {[%emt 0:00:03]} c4 {[%emt 0:00:06]} 9. O-O {[%emt 0:00:04]} a6 {[%emt 0:00:03]} 10. Ne5 {[%emt 0:00:03]} Qc7 {[%emt 0:00:07]} 11. Bxc6+ {[%emt 0:00:03]} bxc6 {[%emt 0:00:02]} 12. Bf4 {[%emt 0:00:06]} Bd6 {[%emt 0:00:04]} 13. Nd2 {[%emt 0:00:09]} Nf6 {[%emt 0:00:03]} 14. Ndf3 {[%emt 0:00:07]} O-O {[%emt 0:00:02]} 15. Bg5 {[%emt 0:00:03]} Be7 {[%emt 0:00:10]} 16. Rfe1 {[%emt 0:00:11]} Rfc8 {[%emt 0:00:10]} 17. Nxf7 {[%emt 0:00:02]} Bxf7 {[%emt 0:00:05]} 18. Qxe7 {[%emt 0:00:01]} Qxe7 {[%emt 0:00:02]} 19. Rxe7 {[%emt 0:00:02]} Kf8 {[%emt 0:00:07]} 20. Rae1 {[%emt 0:00:04]} Rab8 {[%emt 0:00:02]} 21. b3 {[%emt 0:00:12]} cxb3 {[%emt 0:00:02]} 22. axb3 {[%emt 0:00:01]} Rxb3 {[%emt 0:00:05]} 23. Ra7 {[%emt 0:00:07]} Re8 {[%emt 0:00:27]} 24. Bxf6 {[%emt 0:00:09]} gxf6 {[%emt 0:00:02]} 25. Rxe8+ {[%emt 0:00:03]} Bxe8 {[%emt 0:00:04]} 26. h3 {[%emt 0:00:05]} Rxc3 {[%emt 0:00:03]} 27. Rxa6 {[%emt 0:00:01]} c5 {[%emt 0:00:19]} 28. dxc5 {[%emt 0:00:03]} Rxc5 {[%emt 0:00:02]} 29. Nd4 {[%emt 0:00:02]} Kf7 {[%emt 0:00:09]} 30. Ra7+ {[%emt 0:00:02]} Kg6 {[%emt 0:00:02]} 31. Ne6 {[%emt 0:00:09]} Bb5 {[%emt 0:00:20]} 32. Nxc5 {[%emt 0:00:07]} Bc4 {[%emt 0:00:10]} 33. Rd7 {[%emt 0:00:08]} h5 {[%emt 0:00:04]} 34. f3 {[%emt 0:00:01]} Kf5 {[%emt 0:00:01]} 35. Kf2 {[%emt 0:00:02]} Ke5 {[%emt 0:00:02]} 36. Ke3 {[%emt 0:00:02]} f5 {[%emt 0:00:02]} 37. f4+ {[%emt 0:00:02]} Kf6 {[%emt 0:00:02]} 38. Rd6+ {[%emt 0:00:05]} Kg7 {[%emt 0:00:03]} 39. g3 {[%emt 0:00:04]} Ba2 {[%emt 0:00:07]} 40. h4 {[%emt 0:00:01]} Bc4 {[%emt 0:00:04]} 41. Kd4 {[%emt 0:00:02]} Ba2 {[%emt 0:00:02]} 42. Ne6+ {[%emt 0:00:03]} Kf7 {[%emt 0:00:05]} 43. Nc7 {[%emt 0:00:02]} Kg7 {[%emt 0:00:03]} 44. Nxd5 {[%emt 0:00:02]} Kf7 {[%emt 0:00:02]} 45. Ke5 {[%emt 0:00:02]} Bb1 {[%emt 0:00:03]} 46. Ne3 {[%emt 0:00:04]} Ke7 {[%emt 0:00:03]} 47. Rh6 {[%emt 0:00:02]} Bd3 {[%emt 0:00:03]} 48. Nxf5+ {[%emt 0:00:02]} Kf7 {[%emt 0:00:02]} 49. Rxh5 {[%emt 0:00:02]} Kg6 {[%emt 0:00:01]} 50. Rg5+ {[%emt 0:00:01]} Kf7 {[%emt 0:00:02]} 51. Nd6+ {[%emt 0:00:02]} Kf8 {[%emt 0:00:02]} 52. Ne4 {[%emt 0:00:01]} Kf7 {[%emt 0:00:02]} 53. h5 {[%emt 0:00:01]} Kf8 {[%emt 0:00:01]} 54. h6 {[%emt 0:00:01]} Kf7 {[%emt 0:00:01]} 55. h7 {[%emt 0:00:01]} Bb1 {[%emt 0:00:02]} 56. h8=Q {[%emt 0:00:02]} Bxe4 {[%emt 0:00:01]} 57. Qf6+ {[%emt 0:00:03]} Ke8 {[%emt 0:00:01]} 58. Rg8+ {[%emt 0:00:04]} Kd7 {[%emt 0:00:02]} 59. Rg7+ {[%emt 0:00:05]} Ke8 {[%emt 0:00:02]} 60. Qe7# {[%emt 0:00:02] (Lag: Av=0.93s, max=1.4s)} 1-0

[Event "Stay Safe Play From Home 279"]
[Site "Emanuel Lasker Arena"]
[Date "2020.07.05"]
[Round "3"]
[White "Shyamph1980"]
[Black "Sadbat1122"]
[Result "0-1"]
[WhiteElo "1576"]
[BlackElo "1624"]
[Annotator "NA"]
[PlyCount "104"]
[EventDate "2020.07.05"]
[EventType "swiss (blitz)"]

1. e4 {[%emt 0:00:02]} d5 {[%emt 0:00:07]} 2. exd5 {[%emt 0:00:02]} Qxd5 {[%emt 0:00:02]} 3. d4 {[%emt 0:00:01]} Nc6 {[%emt 0:00:02]} 4. Nf3 {[%emt 0:00:15]} Bg4 {[%emt 0:00:02]} 5. c4 {[%emt 0:00:01]} Qh5 {[%emt 0:00:08]} 6. Be2 {[%emt 0:00:03]} O-O-O {[%emt 0:00:02]} 7. d5 {[%emt 0:00:02]} e6 {[%emt 0:00:02]} 8. Qa4 {[%emt 0:00:06]} exd5 {[%emt 0:00:05]} 9. cxd5 {[%emt 0:00:10]} Qxd5 {[%emt 0:00:03]} 10. O-O {[%emt 0:00:07]} h6 {[%emt 0:00:09]} 11. Nc3 {[%emt 0:00:06]} Qa5 {[%emt 0:00:02]} 12. Qxg4+ {[%emt 0:00:05]} Kb8 {[%emt 0:00:03]} 13. Be3 {[%emt 0:00:11]} Nf6 {[%emt 0:00:02]} 14. Qa4 {[%emt 0:00:03]} Qxa4 {[%emt 0:00:08]} 15. Nxa4 {[%emt 0:00:02]} Ne4 {[%emt 0:00:11]} 16. Rfd1 {[%emt 0:00:06]} Bd6 {[%emt 0:00:02]} 17. Rac1 {[%emt 0:00:04]} f5 {[%emt 0:00:07]} 18. g3 {[%emt 0:00:12]} g5 {[%emt 0:00:03]} 19. Nc3 {[%emt 0:00:03]} Nxc3 {[%emt 0:00:06]} 20. Rxc3 {[%emt 0:00:04]} f4 {[%emt 0:00:03]} 21. Bd4 {[%emt 0:00:07]} Rhe8 {[%emt 0:00:03]} 22. Bb5 {[%emt 0:00:04]} fxg3 {[%emt 0:00:16]} 23. hxg3 {[%emt 0:00:04]} g4 {[%emt 0:00:07]} 24. Nh4 {[%emt 0:00:13]} Nxd4 {[%emt 0:00:09]} 25. Rxd4 {[%emt 0:00:17]} Re1+ {[%emt 0:00:04]} 26. Kh2 {[%emt 0:00:07]} c6 {[%emt 0:00:06]} 27. Ba4 {[%emt 0:00:05]} Kc7 {[%emt 0:00:09]} 28. Rcd3 {[%emt 0:00:05]} Re2 {[%emt 0:00:03]} 29. Rd2 {[%emt 0:00:04]} Rxd2 {[%emt 0:00:11]} 30. Rxd2 {[%emt 0:00:04]} Rf8 {[%emt 0:00:05]} 31. Kg2 {[%emt 0:00:07]} b5 {[%emt 0:00:08]} 32. Bd1 {[%emt 0:00:02]} h5 {[%emt 0:00:03]} 33. Ng6 {[%emt 0:00:01]} Rf6 {[%emt 0:00:04]} 34. Nh4 {[%emt 0:00:03]} Bb4 {[%emt 0:00:05]} 35. Rc2 {[%emt 0:00:03]} Rd6 {[%emt 0:00:08]} 36. a3 {[%emt 0:00:05]} Bxa3 {[%emt 0:00:07]} 37. Bxg4 {[%emt 0:00:07]} hxg4 {[%emt 0:00:09]} 38. bxa3 {[%emt 0:00:02]} Rd3 {[%emt 0:00:02]} 39. Ra2 {[%emt 0:00:05]} c5 {[%emt 0:00:02]} 40. Nf5 {[%emt 0:00:02]} c4 {[%emt 0:00:02]} 41. Ne3 {[%emt 0:00:01]} Rd4 {[%emt 0:00:04]} 42. Rc2 {[%emt 0:00:02]} Kb6 {[%emt 0:00:03]} 43. Kf1 {[%emt 0:00:06]} a5 {[%emt 0:00:02]} 44. Ke2 {[%emt 0:00:01]} Kc5 {[%emt 0:00:06]} 45. Nf5 {[%emt 0:00:04]} Re4+ {[%emt 0:00:04]} 46. Ne3 {[%emt 0:00:03]} b4 {[%emt 0:00:03]} 47. axb4+ {[%emt 0:00:05]} axb4 {[%emt 0:00:01]} 48. Kd2 {[%emt 0:00:01]} Rd4+ {[%emt 0:00:08]} 49. Kc1 {[%emt 0:00:02]} b3 {[%emt 0:00:07]} 50. Rc3 {[%emt 0:00:01]} Kb4 {[%emt 0:00:02]} 51. Nd1 {[%emt 0:00:34]} Rxd1+ {[%emt 0:00:04]} 52. Kxd1 {[%emt 0:00:05]} Kxc3 {[%emt 0:00:01]} 0-1

[Event "Stay Safe Play From Home 279"]
[Site "Emanuel Lasker Arena"]
[Date "2020.07.05"]
[Round "4"]
[White "Indianquant"]
[Black "Don59as"]
[Result "1/2-1/2"]
[WhiteElo "2321"]
[BlackElo "2036"]
[Annotator "NA"]
[PlyCount "66"]
[EventDate "2020.07.05"]
[EventType "swiss (blitz)"]

1. Nf3 {[%emt 0:00:02]} d5 {[%emt 0:00:01]} 2. d4 {[%emt 0:00:06]} Nf6 {[%emt 0:00:24]} 3. c4 {[%emt 0:00:10]} e6 {[%emt 0:00:05]} 4. Nc3 {[%emt 0:00:01]} Be7 {[%emt 0:00:01]} 5. Bg5 {[%emt 0:00:04]} O-O {[%emt 0:00:01]} 6. e3 {[%emt 0:00:01]} h6 {[%emt 0:00:01]} 7. Bh4 {[%emt 0:00:01]} Ne4 {[%emt 0:00:05]} 8. Bxe7 {[%emt 0:00:01]} Qxe7 {[%emt 0:00:01]} 9. Rc1 {[%emt 0:00:00]} Nxc3 {[%emt 0:00:03]} 10. Rxc3 {[%emt 0:00:00]} c6 {[%emt 0:00:01]} 11. Qc2 {[%emt 0:00:02]} Nd7 {[%emt 0:00:02]} 12. Bd3 {[%emt 0:00:02]} dxc4 {[%emt 0:00:09]} 13. Rxc4 {[%emt 0:00:00]} e5 {[%emt 0:00:01]} 14. O-O {[%emt 0:00:00]} exd4 {[%emt 0:00:10]} 15. Rxd4 {[%emt 0:00:01]} Nc5 {[%emt 0:00:09]} 16. b4 {[%emt 0:00:41]} Nxd3 {[%emt 0:00:09]} 17. Qxd3 {[%emt 0:00:00]} Be6 {[%emt 0:00:02]} 18. a3 {[%emt 0:00:04]} Rad8 {[%emt 0:00:10]} 19. Rd1 {[%emt 0:00:01]} Rxd4 {[%emt 0:00:02]} 20. Qxd4 {[%emt 0:00:00]} Bd5 {[%emt 0:00:12]} 21. Qxa7 {[%emt 0:00:15]} Bxf3 {[%emt 0:00:10]} 22. gxf3 {[%emt 0:00:00]} Qg5+ {[%emt 0:00:38]} 23. Kf1 {[%emt 0:00:02]} Qb5+ {[%emt 0:00:08]} 24. Ke1 {[%emt 0:00:05]} Qh5 {[%emt 0:00:14]} 25. Qxb7 {[%emt 0:00:12]} Qxf3 {[%emt 0:00:05]} 26. Qc7 {[%emt 0:00:00]} Qh1+ {[%emt 0:00:23]} 27. Ke2 {[%emt 0:00:02]} Qe4 {[%emt 0:00:02]} 28. Rd8 {[%emt 0:00:30]} Qc2+ {[%emt 0:00:14]} 29. Kf1 {[%emt 0:00:08]} Qc4+ {[%emt 0:00:01]} 30. Kg2 {[%emt 0:00:05]} Qg4+ {[%emt 0:00:04]} 31. Kf1 {[%emt 0:00:01]} Qc4+ {[%emt 0:00:01]} 32. Kg2 {[%emt 0:00:03]} Qg4+ {[%emt 0:00:03]} 33. Kf1 {[%emt 0:00:02]} Qc4+ {[%emt 0:00:03] (Lag: Av=1.05s, max=1.9s)} 1/2-1/2

[Event "Stay Safe Play From Home 279"]
[Site "Emanuel Lasker Arena"]
[Date "2020.07.05"]
[Round "4"]
[White "Haxhi Baha"]
[Black "Lazieri3"]
[Result "0-1"]
[WhiteElo "1961"]
[BlackElo "2054"]
[PlyCount "74"]
[EventDate "2020.07.05"]
[EventType "swiss (blitz)"]

1. e4 {[%emt 0:00:03]} c6 {[%emt 0:00:00]} 2. Nc3 {[%emt 0:00:03]} d5 {[%emt 0:00:00]} 3. exd5 {[%emt 0:00:04]} cxd5 {[%emt 0:00:01]} 4. d4 {[%emt 0:00:03]} Nf6 {[%emt 0:00:01]} 5. Nf3 {[%emt 0:00:04]} Nc6 {[%emt 0:00:01]} 6. h3 {[%emt 0:00:04]} Bf5 {[%emt 0:00:02]} 7. Bd3 {[%emt 0:00:04]} Bxd3 {[%emt 0:00:01]} 8. Qxd3 {[%emt 0:00:02]} e6 {[%emt 0:00:00]} 9. a3 {[%emt 0:00:03]} h6 {[%emt 0:00:02]} 10. Bf4 {[%emt 0:00:04]} Bd6 {[%emt 0:00:01]} 11. Bxd6 {[%emt 0:00:07]} Qxd6 {[%emt 0:00:00]} 12. O-O {[%emt 0:00:02]} O-O {[%emt 0:00:01]} 13. Rfe1 {[%emt 0:00:06]} a6 {[%emt 0:00:01]} 14. Re2 {[%emt 0:00:11]} Rac8 {[%emt 0:00:01]} 15. Rae1 {[%emt 0:00:03]} Na5 {[%emt 0:00:01]} 16. Ne5 {[%emt 0:00:17]} Nc4 {[%emt 0:00:01]} 17. Nd1 {[%emt 0:00:11]} Nd7 {[%emt 0:00:07]} 18. f4 {[%emt 0:00:13]} Ndxe5 {[%emt 0:00:04]} 19. fxe5 {[%emt 0:00:05]} Qb6 {[%emt 0:00:01]} 20. c3 {[%emt 0:00:09]} f5 {[%emt 0:00:09]} 21. exf6 {[%emt 0:00:10]} Rxf6 {[%emt 0:00:02]} 22. Qg3 {[%emt 0:00:08]} Rcf8 {[%emt 0:00:03]} 23. Qg4 {[%emt 0:00:04]} e5 {[%emt 0:00:14]} 24. b3 {[%emt 0:00:38]} exd4 {[%emt 0:00:38]} 25. bxc4 {[%emt 0:00:09]} d3+ {[%emt 0:00:02]} 26. Re3 {[%emt 0:00:02]} d2 {[%emt 0:00:02]} 27. Qd4 {[%emt 0:01:11]} dxe1=Q+ {[%emt 0:00:06]} 28. Rxe1 {[%emt 0:00:02]} Qxd4+ {[%emt 0:00:06]} 29. cxd4 {[%emt 0:00:00]} dxc4 {[%emt 0:00:00]} 30. Nc3 {[%emt 0:00:15]} Rf2 {[%emt 0:00:10]} 31. Re7 {[%emt 0:00:17]} R8f7 {[%emt 0:00:03]} 32. Re8+ {[%emt 0:00:04]} Kh7 {[%emt 0:00:01]} 33. d5 {[%emt 0:00:01]} Rd2 {[%emt 0:00:01]} 34. d6 {[%emt 0:00:00]} Rxd6 {[%emt 0:00:03]} 35. Ra8 {[%emt 0:00:02]} b5 {[%emt 0:00:02]} 36. Rb8 {[%emt 0:00:00]} Rd2 {[%emt 0:00:05]} 37. Rb7 {[%emt 0:00:00]} Rxb7 {[%emt 0:00:01] Time (Lag: Av=0.84s, max=1.0s)} 0-1

[Event "Stay Safe Play From Home 279"]
[Site "Emanuel Lasker Arena"]
[Date "2020.07.05"]
[Round "4"]
[White "Dukic"]
[Black "Haris kollari 13"]
[Result "0-1"]
[WhiteElo "1838"]
[BlackElo "1853"]
[Annotator "NA"]
[PlyCount "72"]
[EventDate "2020.07.05"]
[EventType "swiss (blitz)"]

1. c4 {[%emt 0:00:03]} g6 {[%emt 0:00:03]} 2. Nc3 {[%emt 0:00:01]} Bg7 {[%emt 0:00:00]} 3. d4 {[%emt 0:00:01]} b6 {[%emt 0:00:01]} 4. Nf3 {[%emt 0:00:01]} Bb7 {[%emt 0:00:01]} 5. e4 {[%emt 0:00:02]} Nc6 {[%emt 0:00:01]} 6. Bd3 {[%emt 0:00:02]} Nxd4 {[%emt 0:00:02]} 7. Nxd4 {[%emt 0:00:06]} Bxd4 {[%emt 0:00:01]} 8. O-O {[%emt 0:00:01]} Bg7 {[%emt 0:00:02]} 9. f4 {[%emt 0:00:02]} Bd4+ {[%emt 0:00:06]} 10. Kh1 {[%emt 0:00:02]} c5 {[%emt 0:00:03]} 11. e5 {[%emt 0:00:10]} e6 {[%emt 0:00:09]} 12. Be4 {[%emt 0:00:05]} Qc7 {[%emt 0:00:08]} 13. Qf3 {[%emt 0:00:06]} Rb8 {[%emt 0:00:08]} 14. Bxb7 {[%emt 0:00:02]} Qxb7 {[%emt 0:00:01]} 15. Ne4 {[%emt 0:00:01]} Qc6 {[%emt 0:00:13]} 16. Rb1 {[%emt 0:00:16]} Ne7 {[%emt 0:00:02]} 17. Be3 {[%emt 0:00:20]} Bxe3 {[%emt 0:00:02]} 18. Qxe3 {[%emt 0:00:01]} Nf5 {[%emt 0:00:00]} 19. Qe1 {[%emt 0:00:15]} d5 {[%emt 0:00:23]} 20. cxd5 {[%emt 0:00:16]} exd5 {[%emt 0:00:01]} 21. Nf6+ {[%emt 0:00:01]} Kf8 {[%emt 0:00:10]} 22. Rd1 {[%emt 0:00:08]} Rd8 {[%emt 0:00:01]} 23. Rf3 {[%emt 0:00:02]} Kg7 {[%emt 0:00:01]} 24. Rfd3 {[%emt 0:00:15]} d4 {[%emt 0:00:06]} 25. Rh3 {[%emt 0:00:49]} h5 {[%emt 0:00:01]} 26. Rf3 {[%emt 0:00:15]} h4 {[%emt 0:00:04]} 27. Kg1 {[%emt 0:00:21]} c4 {[%emt 0:00:06]} 28. Ne4 {[%emt 0:00:19]} Ne3 {[%emt 0:00:16]} 29. Rxd4 {[%emt 0:00:06]} Rxd4 {[%emt 0:00:04]} 30. Rxe3 {[%emt 0:00:07]} Rhd8 {[%emt 0:00:01]} 31. Qe2 {[%emt 0:00:05]} b5 {[%emt 0:00:06]} 32. Nd6 {[%emt 0:00:16]} Qd5 {[%emt 0:00:10]} 33. Qg4 {[%emt 0:00:07]} Rd1+ {[%emt 0:00:32]} 34. Kf2 {[%emt 0:00:08]} Rd2+ {[%emt 0:00:01]} 35. Kf1 {[%emt 0:00:05]} Rd1+ {[%emt 0:00:14]} 36. Kf2 {[%emt 0:00:02]} Qd4 {[%emt 0:00:01] Zeit (Lag: Av=0.40s, max=0.9s)} 0-1

[Event "Stay Safe Play From Home 279"]
[Site "Emanuel Lasker Arena"]
[Date "2020.07.05"]
[Round "4"]
[White "Sadbat1122"]
[Black "Möwe"]
[Result "0-1"]
[WhiteElo "1639"]
[BlackElo "1613"]
[Annotator "NA"]
[PlyCount "46"]
[EventDate "2020.07.05"]
[EventType "swiss (blitz)"]

1. e4 {[%emt 0:00:01]} d5 {[%emt 0:00:02]} 2. exd5 {[%emt 0:00:02]} Qxd5 {[%emt 0:00:00]} 3. Nc3 {[%emt 0:00:02]} Qa5 {[%emt 0:00:02]} 4. Nf3 {[%emt 0:00:02]} Bg4 {[%emt 0:00:02]} 5. Be2 {[%emt 0:00:02]} Nf6 {[%emt 0:00:02]} 6. O-O {[%emt 0:00:02]} e6 {[%emt 0:00:01]} 7. d4 {[%emt 0:00:02]} Bd6 {[%emt 0:00:01]} 8. Bd2 {[%emt 0:00:06]} Qh5 {[%emt 0:00:02]} 9. h3 {[%emt 0:00:14]} Bxh3 {[%emt 0:00:04]} 10. gxh3 {[%emt 0:00:02]} Qxh3 {[%emt 0:00:03]} 11. Ne5 {[%emt 0:00:04]} h5 {[%emt 0:00:05]} 12. Bf3 {[%emt 0:00:16]} Nbd7 {[%emt 0:00:02]} 13. Bg2 {[%emt 0:00:02]} Qh4 {[%emt 0:00:08]} 14. Nf3 {[%emt 0:00:14]} Qg4 {[%emt 0:00:14]} 15. Ne2 {[%emt 0:00:07]} h4 {[%emt 0:00:05]} 16. Ne5 {[%emt 0:00:05]} Nxe5 {[%emt 0:00:04]} 17. dxe5 {[%emt 0:00:02]} Bxe5 {[%emt 0:00:01]} 18. f3 {[%emt 0:00:08]} Qg6 {[%emt 0:00:11]} 19. f4 {[%emt 0:00:21]} h3 {[%emt 0:00:08]} 20. Rf2 {[%emt 0:00:02]} Bd6 {[%emt 0:00:07]} 21. Kh1 {[%emt 0:00:16]} hxg2+ {[%emt 0:00:05]} 22. Kg1 {[%emt 0:00:02]} Bc5 {[%emt 0:00:05]} 23. Bb4 {[%emt 0:00:21]} Rh1# {[%emt 0:00:02] (Lag: Av=1.27s, max=1.8s)} 0-1

[Event "Stay Safe Play From Home 279"]
[Site "Emanuel Lasker Arena"]
[Date "2020.07.05"]
[Round "4"]
[White "Robk"]
[Black "Shyamph1980"]
[Result "1-0"]
[WhiteElo "1577"]
[BlackElo "1562"]
[Annotator "NA"]
[PlyCount "109"]
[EventDate "2020.07.05"]
[EventType "swiss (blitz)"]

1. e4 {[%emt 0:00:05]} c5 {[%emt 0:00:01]} 2. Nf3 {[%emt 0:00:02]} e6 {[%emt 0:00:01]} 3. d4 {[%emt 0:00:00]} cxd4 {[%emt 0:00:02]} 4. Nxd4 {[%emt 0:00:00]} a6 {[%emt 0:00:01]} 5. Nc3 {[%emt 0:00:01]} Qc7 {[%emt 0:00:01]} 6. Be3 {[%emt 0:00:02]} Nf6 {[%emt 0:00:01]} 7. f3 {[%emt 0:00:02]} Bb4 {[%emt 0:00:05]} 8. Qd3 {[%emt 0:00:09]} d5 {[%emt 0:00:02]} 9. Bd2 {[%emt 0:00:12]} e5 {[%emt 0:00:09]} 10. Nde2 {[%emt 0:00:34]} d4 {[%emt 0:00:30]} 11. Nd5 {[%emt 0:00:00]} Bxd2+ {[%emt 0:00:03]} 12. Qxd2 {[%emt 0:00:03]} Nxd5 {[%emt 0:00:01]} 13. exd5 {[%emt 0:00:01]} O-O {[%emt 0:00:03]} 14. Ng3 {[%emt 0:00:05]} Qd6 {[%emt 0:00:18]} 15. Bc4 {[%emt 0:00:06]} Nd7 {[%emt 0:00:04]} 16. O-O {[%emt 0:00:03]} Nb6 {[%emt 0:00:05]} 17. Bb3 {[%emt 0:00:03]} Nxd5 {[%emt 0:00:03]} 18. Ne4 {[%emt 0:00:04]} Qd8 {[%emt 0:00:14]} 19. Bxd5 {[%emt 0:00:01]} Qxd5 {[%emt 0:00:03]} 20. c3 {[%emt 0:00:01]} Bf5 {[%emt 0:00:07]} 21. Rfe1 {[%emt 0:00:05]} Bxe4 {[%emt 0:00:05]} 22. Rxe4 {[%emt 0:00:02]} f5 {[%emt 0:00:07]} 23. Ree1 {[%emt 0:00:07]} d3 {[%emt 0:00:04]} 24. Rad1 {[%emt 0:00:03]} e4 {[%emt 0:00:11]} 25. fxe4 {[%emt 0:00:03]} fxe4 {[%emt 0:00:01]} 26. Re3 {[%emt 0:00:03]} Rae8 {[%emt 0:00:08]} 27. Rde1 {[%emt 0:00:02]} Rf4 {[%emt 0:00:24]} 28. g3 {[%emt 0:00:03]} Rg4 {[%emt 0:00:07]} 29. Qg2 {[%emt 0:00:02]} Qc5 {[%emt 0:00:30]} 30. Kh1 {[%emt 0:00:06]} Qa5 {[%emt 0:00:07]} 31. a3 {[%emt 0:00:09]} Qd5 {[%emt 0:00:04]} 32. h3 {[%emt 0:00:06]} d2 {[%emt 0:00:02]} 33. Rd1 {[%emt 0:00:03]} Qc5 {[%emt 0:00:11]} 34. Qxd2 {[%emt 0:00:08]} Rg6 {[%emt 0:00:06]} 35. Qd4 {[%emt 0:00:13]} Qg5 {[%emt 0:00:09]} 36. Kg2 {[%emt 0:00:04]} Rge6 {[%emt 0:00:03]} 37. Rde1 {[%emt 0:00:05]} Qe7 {[%emt 0:00:01]} 38. g4 {[%emt 0:00:10]} Re5 {[%emt 0:00:03]} 39. Rd1 {[%emt 0:00:09]} h6 {[%emt 0:00:03]} 40. Qd6 {[%emt 0:00:04]} Qg5 {[%emt 0:00:00]} 41. Rde1 {[%emt 0:00:09]} h5 {[%emt 0:00:04]} 42. Qd7 {[%emt 0:00:06]} hxg4 {[%emt 0:00:03]} 43. Qxg4 {[%emt 0:00:02]} Qxg4+ {[%emt 0:00:05]} 44. hxg4 {[%emt 0:00:02]} Kh7 {[%emt 0:00:00]} 45. Kg3 {[%emt 0:00:01]} Kg6 {[%emt 0:00:01]} 46. Kf4 {[%emt 0:00:01]} b5 {[%emt 0:00:14]} 47. Rxe4 {[%emt 0:00:02]} Rxe4+ {[%emt 0:00:01]} 48. Rxe4 {[%emt 0:00:01]} Rxe4+ {[%emt 0:00:00]} 49. Kxe4 {[%emt 0:00:01]} Kg5 {[%emt 0:00:00]} 50. Kf3 {[%emt 0:00:01]} g6 {[%emt 0:00:00]} 51. b3 {[%emt 0:00:01]} Kf6 {[%emt 0:00:01]} 52. Kf4 {[%emt 0:00:05]} g5+ {[%emt 0:00:01]} 53. Ke4 {[%emt 0:00:01]} Ke6 {[%emt 0:00:01]} 54. Kd4 {[%emt 0:00:01]} Kd6 {[%emt 0:00:01]} 55. c4 {[%emt 0:00:01] Shyamph1980 resigns (Lag: Av=0.81s, max=1.4s)} 1-0

[Event "Stay Safe Play From Home 279"]
[Site "Emanuel Lasker Arena"]
[Date "2020.07.05"]
[Round "5"]
[White "Indianquant"]
[Black "Haxhi Baha"]
[Result "1-0"]
[WhiteElo "2309"]
[BlackElo "1948"]
[PlyCount "65"]
[EventDate "2020.07.05"]
[EventType "swiss (blitz)"]

1. Nf3 {[%emt 0:00:02]} d5 {[%emt 0:00:04]} 2. d4 {[%emt 0:00:05]} Nf6 {[%emt 0:00:02]} 3. c4 {[%emt 0:00:11]} c6 {[%emt 0:00:05]} 4. e3 {[%emt 0:00:01]} e6 {[%emt 0:00:05]} 5. Nc3 {[%emt 0:00:01]} Be7 {[%emt 0:00:04]} 6. Bd3 {[%emt 0:00:01]} dxc4 {[%emt 0:00:04]} 7. Bxc4 {[%emt 0:00:00]} b5 {[%emt 0:00:03]} 8. Bd3 {[%emt 0:00:01]} Bb7 {[%emt 0:00:02]} 9. O-O {[%emt 0:00:01]} Nbd7 {[%emt 0:00:11]} 10. e4 {[%emt 0:00:10]} b4 {[%emt 0:00:09]} 11. Na4 {[%emt 0:00:39]} O-O {[%emt 0:00:13]} 12. Be3 {[%emt 0:00:06]} Qa5 {[%emt 0:00:15]} 13. Rc1 {[%emt 0:00:07]} Rac8 {[%emt 0:00:05]} 14. Nd2 {[%emt 0:00:32]} c5 {[%emt 0:00:14]} 15. dxc5 {[%emt 0:00:01]} Nxc5 {[%emt 0:00:04]} 16. Nxc5 {[%emt 0:00:01]} Bxc5 {[%emt 0:00:02]} 17. Nb3 {[%emt 0:00:00]} Bxe3 {[%emt 0:00:39]} 18. Rxc8 {[%emt 0:00:28]} Bxf2+ {[%emt 0:00:39]} 19. Rxf2 {[%emt 0:00:06]} Qb6 {[%emt 0:00:08]} 20. Rxf8+ {[%emt 0:00:04]} Kxf8 {[%emt 0:00:02]} 21. Qc2 {[%emt 0:00:23]} Nd7 {[%emt 0:00:28]} 22. Kh1 {[%emt 0:00:19]} a5 {[%emt 0:00:08]} 23. Rf1 {[%emt 0:00:11]} a4 {[%emt 0:00:04]} 24. Nd2 {[%emt 0:00:01]} Ne5 {[%emt 0:00:07]} 25. Nc4 {[%emt 0:00:05]} Qd4 {[%emt 0:00:33]} 26. Nxe5 {[%emt 0:00:04]} Qxe5 {[%emt 0:00:02]} 27. Qc4 {[%emt 0:00:21]} g6 {[%emt 0:00:15]} 28. Qxb4+ {[%emt 0:00:02]} Kg7 {[%emt 0:00:05]} 29. Qxb7 {[%emt 0:00:01]} Qd4 {[%emt 0:00:04]} 30. Qxf7+ {[%emt 0:00:01]} Kh6 {[%emt 0:00:02]} 31. Qf8+ {[%emt 0:00:01]} Kh5 {[%emt 0:00:01]} 32. Be2+ {[%emt 0:00:01]} Kg5 {[%emt 0:00:01]} 33. Qf4# {[%emt 0:00:02] (Lag: Av=1.26s, max=2.2s)} 1-0